000
00243nam a2200097Ia 4500
001
673587
005
20250826160906.0
008
250824s9999 xx 000 0 und d
245
0
_a
Küçük Şehzade
_c
Cahit Zarifoğlu
260
_b
BEYAN YAYINLARI
999
_c
673587
_d
673587